Ako si vypýtať dobrý plat od nového zamestnávateľa

Vyjednávanie o plate a platových podmienkach. Rady pre zamestnancov aj zamestnávateľov. Výhodné a horšie platové podmienky na pracovnom trhu. Dlhodobá stratégia firmy a trvalo udržateľný rozvoj. Ziskovosť firmy a ľudský kapitál.

Guardado en:
Detalles Bibliográficos
Autor principal: Bleyová, Dagmar
Formato: Capítulo de libro
Lenguaje:eslovaco
Materias:
Etiquetas: Agregar Etiqueta
Sin Etiquetas, Sea el primero en etiquetar este registro!

MARC

LEADER 00000naa$a2200000$$$4500
001 0116675
005 20230912094854.1
041 0 |a slo 
044 |a SK 
245 1 0 |a Ako si vypýtať dobrý plat od nového zamestnávateľa  |c Dagmar Bleyová 
520 |a Vyjednávanie o plate a platových podmienkach. Rady pre zamestnancov aj zamestnávateľov. Výhodné a horšie platové podmienky na pracovnom trhu. Dlhodobá stratégia firmy a trvalo udržateľný rozvoj. Ziskovosť firmy a ľudský kapitál. 
610 2 0 |a zamestnávatelia 
610 2 0 |a zamestnanci 
610 2 0 |a mzdy 
610 2 0 |a platy 
610 2 0 |a odmeny 
610 2 0 |a miesta pracovné 
610 2 0 |a trh práce 
100 1 |a Bleyová, Dagmar